| Tag |
First Indicator |
Second Indicator |
Subfields |
| LEADER |
00000cam a2200000 4500 |
| 001 |
in00000065678 |
| 005 |
20151008050726.0 |
| 008 |
750909s1960 cau 00000 eng |
| 010 |
|
|
|a 60014470
|
| 035 |
|
|
|a (OCoLC)01612054
|
| 035 |
|
|
|9 AAG2925AM
|
| 040 |
|
|
|a DLC
|c HLS
|d TXA
|d UtOrBLW
|
| 049 |
|
|
|a TXAM
|c [326971]
|
| 050 |
|
0 |
|a HD1694.C2
|b H3
|
| 082 |
0 |
|
|a 333.9109794
|
| 092 |
|
|
|a 333.91
|b H263wa
|
| 100 |
1 |
|
|a Harding, Sidney Twichell,
|d 1883-
|
| 245 |
1 |
0 |
|a Water in California.
|
| 264 |
|
1 |
|a Palo Alto, Calif. :
|b N-P Publications,
|c [1960]
|
| 300 |
|
|
|a 231 pages :
|b illustrations ;
|c 27 cm.
|
| 336 |
|
|
|a text
|b txt
|2 rdacontent
|
| 337 |
|
|
|a unmediated
|b n
|2 rdamedia
|
| 338 |
|
|
|a volume
|b nc
|2 rdacarrier
|
| 650 |
|
0 |
|a Water resources development
|z California.
|
| 999 |
|
|
|a MARS
|
| 999 |
f |
f |
|s 6a289af4-f6bb-3ffa-8f6e-c2a6eb06132d
|i 695fc3bb-a778-3ed0-8a89-6a9268ae9aab
|t 0
|
| 952 |
f |
f |
|p ric
|a Texas A&M University
|b Rellis Campus
|c Joint Library Facility
|d Remote Storage
|t 0
|e HD1694.C2 H3
|h Library of Congress classification
|i unmediated -- volume
|m A14800741645
|
| 998 |
f |
f |
|a HD1694.C2 H3
|t 0
|l Remote Storage
|